000 00931nam0a2200301 4500
001 RU\NLR\bibl\13503
005 20250615012334.0
010 _a5-04-001300-0
_915000
021 _aRU
_b98-30908
_91461
035 _a(NLR Aleph) 000013170
090 _a50690
_c50690
100 _a19990212d1998 |||y0rusy50 ca
101 1 _arus
_ceng
102 _aRU
105 _a|||||||||||||
200 1 _aВиньетка
_eРоман
_fВалери Кинг
_g[Пер. с англ. К.И. Молькова]
210 _aМ.
_cЭКСМО-Пресс
_d1998
215 _a493 с.
_d17
225 1 _aСоблазны
300 _aАвт. также на англ. яз.: Valerie King
686 _aШ6(7США)67-440.4
700 1 _aКинг
_bВ.
_gВалери
_4070
801 0 _aRU
_bNLR
_c19990212
_gPSBO
801 1 _aRU
_bNLR
_c19990212
852 _aNLR
_j98-2/1846
942 _cBOOK
980 _aNB